| 000 | 00736nam a2200205Ii 4500 | ||
|---|---|---|---|
| 003 | JO-AjNU | ||
| 008 | 230605s9999||||xx |||||||||||||| ||und|| | ||
| 040 |
_aJO-AjNU _bara _erda _cJO-AjNU |
||
| 041 | _aara | ||
| 050 | 1 | 4 | _aDS79.76.I38 2004 |
| 100 | 3 |
_aالهزاط، محمد واخرون, _eauthor _943757 |
|
| 245 | 0 | 0 | _aاحتلال العراق :الأهداف-النتائج- المستقبل |
| 250 | _aط1 | ||
| 264 | 3 | 1 | _aبيروت: مركز دراسات الوحدة العربية، 2003 |
| 300 | _a358ص | ||
| 336 |
_atext _btxt _2rdacontent |
||
| 337 |
_aunmediated _bn _2rdamedia |
||
| 338 |
_avolume _bnc _2rdacarrier |
||
| 650 | 4 |
_aالحرب الامريكية البريطانية على العراق 2003 _943758 |
|
| 999 |
_aA18834 _c22402 _d22402 |
||